A Logistic Regression Approach to Long-term Bankruptcy Prediction: The Role of Financial and Non-financial Indicators

Hlavným cieľom výskumu je preskúmať možnosť vývoja modelu logistickej regresie, ktorý by mohol spoľahlivo predpovedať bankrot srbských spoločností tri roky vopred na základe finančných a nefinančných premenných.

Gespeichert in:
Bibliographische Detailangaben
1. Verfasser: Kuster, Denis
Weitere Verfasser: Majstorovic, Aleksandar, Dmitrovic, Veljko
Format: Buchkapitel
Sprache:Englisch
Schlagworte:
Tags: Tag hinzufügen
Keine Tags, Fügen Sie das erste Tag hinzu!

MARC

LEADER 00000naa a2200000 4500
001 0311824
005 20250806104429.4
041 0 |a eng 
044 |a CZ 
245 1 0 |a A Logistic Regression Approach to Long-term Bankruptcy Prediction: The Role of Financial and Non-financial Indicators  |c Denis Kuster, Aleksandar Majstorovic, Veljko Dmitrovic 
520 |a Hlavným cieľom výskumu je preskúmať možnosť vývoja modelu logistickej regresie, ktorý by mohol spoľahlivo predpovedať bankrot srbských spoločností tri roky vopred na základe finančných a nefinančných premenných. 
610 2 0 |a regresia 
610 2 0 |a modely regresné 
610 2 0 |a bankrot 
610 2 0 |a insolventnosť 
610 2 0 |a ukazovatele finančné 
610 2 0 |a ukazovatele nefinančné 
100 1 |a Kuster, Denis 
700 1 |a Majstorovic, Aleksandar 
700 1 |a Dmitrovic, Veljko